000 00595nam a22002057a 4500
005 20241217112808.0
008 241217b ||||| |||| 00| 0 eng d
020 _a9781108700535
040 _cAL
041 _aEnglish
082 _223
_a341.04
_bHAMC
100 _aHamlyn
_9191340
245 _aCan Human Rights Survive?
260 _aNew Delhi
_bCambridge University Press
_c2018
300 _axvi,174 p.
_bPB
_c21.5x14 cm.
365 _a1172
_b₹393.835
_c
_d₹539.50
_e27%
_f14-12-2024
440 _aThe Hamlyn Lectures
_9191332
650 _a Human rights
_9191333
942 _2ddc
_cBK
999 _c233017
_d233017